000 00194 a2200097 4500
020 _a9789561311404
041 _aspa
100 _aDumas, Alejandro
245 _aLos Tres Mosqueteros
942 _cBK
999 _c28565
_d28565